Đổi mới tổ chức và quản lý các hợp tác xã
Saved in:
| Main Author: | |
|---|---|
| Format: | Book |
| Language: | Undetermined |
| Published: |
H.
Nông Nghiệp
1999
|
| Subjects: | |
| Tags: |
Add Tag
No Tags, Be the first to tag this record!
|
| Institutions: | Trung tâm Học liệu Trường Đại học Cần Thơ |
|---|
| LEADER | 00611nam a2200193Ia 4500 | ||
|---|---|---|---|
| 001 | CTU_50982 | ||
| 008 | 210402s9999 xx 000 0 und d | ||
| 082 | |a 338.18 | ||
| 082 | |b Qu600 | ||
| 100 | |a Lương Xuân Quỳ | ||
| 245 | 0 | |a Đổi mới tổ chức và quản lý các hợp tác xã | |
| 245 | 0 | |c Lương Xuân Quỳ | |
| 260 | |a H. | ||
| 260 | |b Nông Nghiệp | ||
| 260 | |c 1999 | ||
| 650 | |a farm management,agriculture and state,vietnam | ||
| 650 | |x developing country,agricultural aspects | ||
| 904 | |i Minh | ||
| 980 | |a Trung tâm Học liệu Trường Đại học Cần Thơ | ||